|
|
|
|
| LEADER |
00000cam a2200000 7i4500 |
| 001 |
0000008295 |
| 005 |
20050419.0 |
| 020 |
|
|
|a 0139752854
|
| 040 |
|
|
|a INS
|
| 090 |
0 |
0 |
|a HF5548.32.
|b E34 2000
|
| 100 |
0 |
|
|a Turban, Efrain
|
| 245 |
0 |
0 |
|a Electronic commerce :
|b A managerial perspective
|c Efrain Turban....[et al.]
|
| 260 |
|
|
|a Upper Saddle River, NJ :
|b Prentice Hall ,
|c 2000
|
| 300 |
|
|
|a 520p. ;
|c 26 cm.
|
| 650 |
0 |
0 |
|a Business enterprises
|x Computer networks
|
| 650 |
0 |
0 |
|a Electronic commerce
|
| 650 |
0 |
0 |
|a Electronic commerce
|x Management
|
| 650 |
0 |
0 |
|a Information technology
|x Management
|
| 999 |
|
|
|a 0000007890
|b BOOK
|c Open Shelf
|e Default branch
|